000 00778 a2200181 4500
020 _a0127039708
020 _a9780127039701
082 0 4 _a621.367,TUR
100 1 _aTurner, Martin J.
_98845
245 1 0 _aFractal geometry in digital imaging /
_cMartin J. Turner, Jonathan M. Blackledge, Patrick R. Andrews.
250 _a1st ed.
260 _a[S.l.] :
_bAcademic Press,
_c1998.
300 _a328 p. ;
_c25 cm.
505 _aPart 1:- Fractal Geometry (Page-13), Part 2:- Fractals to Segment Images (Page-79), Part 3:- Fractals to Create Images (Page-161), Part 4:- Images to Create Fractals (Page-203), Part 5:- Conclusions and Appendices (Page-253).
700 1 _aBlackledge, Jonathan M.
_98846
700 1 _aAndrews, Patrick R.
_98847
942 _aSNS
_cBK
_k621.367 TUR
_2ddc
999 _c175569
_d175569